[Event "AUT-chT 1920"]
[Site "Austria"]
[Date "2020.01.10"]
[Round "6.2"]
[White "Jovanovic, Dusan"]
[Black "Kunin, Vitaly L"]
[Result "1/2-1/2"]
[WhiteElo "2416"]
[BlackElo "2533"]
[PlyCount "106"]
[EventDate "2019.10.10"]
[EventType "team-tourn"]
[EventRounds "11"]
[EventCountry "AUT"]
[SourceTitle "CBM 194 Extra"]
[Source "ChessBase"]
[SourceDate "2020.03.31"]
[SourceVersion "1"]
[SourceVersionDate "2020.03.31"]
[SourceQuality "1"]
[WhiteTeam "Bad Voeslau"]
[BlackTeam "Bregenz"]
[WhiteTeamCountry "AUT"]
[BlackTeamCountry "AUT"]

1. Nf3 d5 2. b3 Bg4 3. Bb2 Bxf3 4. exf3 e6 5. f4 Nd7 6. g3 Ngf6 7. Bg2 c6 8. 0-0 Bd6 9. d3 Qe7 10. Nd2 h6 11. Nf3 Ba3 12. Qc1 Bxb2 13. Qxb2 0-0 14. c4 a5 15. Rfe1 Qb4 16. a3 Qb6 17. Rab1 Rfd8 18. Qe2 Nc5 19. b4 axb4 20. axb4 Na4 21. Qc2 Ra7 22. Ne5 d4 23. b5 c5 24. Ra1 Nc3 25. Rxa7 Qxa7 26. g4 Nd7 27. Nxd7 Rxd7 28. f5 exf5 29. gxf5 Qb6 30. Qd2 Qf6 31. Qf4 Re7 32. Qb8+ Kh7 33. Rxe7 Qxe7 34. Qxb7 Qe1+ 35. Bf1 Ne2+ 36. Kg2 Nf4+ 37. Kg3 Nh5+ 38. Kg2 Nf4+ 39. Kg3 Qxf1 40. Kxf4 Qxf2+ 41. Qf3 Qxh2+ 42. Ke4 Qb8 43. Qh5 Qb7+ 44. Ke5 Qd7 45. Qg4 f6+ 46. Kf4 Qe7 47. Qf3 Qc7+ 48. Kg4 Qh2 49. Qg3 Qe2+ 50. Kh4 Qe7 51. b6 Qd7 52. Qg6+ Kg8 53. b7 Qxb7 1/2-1/2